OCP developer PL/SQL program units exam guide (Record no. 174285)

MARC details
000 -LEADER
fixed length control field 00432nam a2200157Ia 4500
008 - FIXED-LENGTH DATA ELEMENTS--GENERAL INFORMATION
fixed length control field 231217s9999 xx 000 0 und d
041 ## - LANGUAGE CODE
Language code of text/sound track or separate title English
082 ## - DEWEY DECIMAL CLASSIFICATION NUMBER
Classification number 001.6424ORA HEA;1 R
100 ## - MAIN ENTRY--PERSONAL NAME
Personal name Hearn, O Steve
245 #0 - TITLE STATEMENT
Title OCP developer PL/SQL program units exam guide
260 ## - PUBLICATION, DISTRIBUTION, ETC.
Date of publication, distribution, etc. 2002
Name of publisher, distributor, etc. Tata McGraw-Hill
Place of publication, distribution, etc. New Delhi
300 ## - PHYSICAL DESCRIPTION
Extent xxii+499
300 ## - PHYSICAL DESCRIPTION
Dimensions CD1773
650 ## - SUBJECT ADDED ENTRY--TOPICAL TERM
Topical term or geographic name entry element OCP,developer,PL/SQL,program,exam
942 ## - ADDED ENTRY ELEMENTS (KOHA)
Koha item type Books
Holdings
Date last seen Total checkouts Full call number Accession number Cost, total (INR) price Price effective from Category Lost status Damaged status Department Withdrawn status Home library Current library Shelving location Entry date Vendor Cost, normal purchase price Grants Billnumber Billdate Currency symbol Conversion rate Discount Old discount
26/01/2024   001.6424ORA HEA;1 R 33453 335.75 12/03/2005 Books     Central Library   Central Library Central Library Central Library 12/03/2005 Sapna Book House 395.00 CS 26930 05/02/2008 RS 1 59.25 15

© For any Suggestions or Query, please contact the library staff @ librarian@pes.edu or Phone: +9180 2672 1983/ 2108.